De la madera de los sueños (Record no. 25051)

MARC details
000 -LEADER
campo de control de longitud fija 00695nam a2200205 i 4500
001 - NÚMERO DE CONTROL
campo de control 25051
003 - IDENTIFICADOR DE NÚMERO DE CONTROL
campo de control ES-MaACL
005 - FECHA Y HORA DE LA ÚLTIMA TRANSACCIÓN
campo de control 20250730063052.0
007 - CAMPO FIJO DE DESCRIPCIÓN FÍSICA--INFORMACIÓN GENERAL
campo de control de longitud fija t|
008 - DATOS DE LONGITUD FIJA--INFORMACIÓN GENERAL
campo de control de longitud fija 021220s1966 sp ||||1| spa d
100 1# - ENTRADA PRINCIPAL--NOMBRE DE PERSONA
Nombre de persona Araciel, Diego de,
Fechas asociadas al nombre 1922-1999
9 (RLIN) 22147
245 10 - MENCIÓN DEL TÍTULO
Título De la madera de los sueños
Resto del título : poemas /
Mención de responsabilidad, etc. Diego de Araciel ; introducción de Alfonso de Castilla... ; carta preliminar... Gabriel Elorriaga.
260 ## - PUBLICACIÓN, DISTRIBUCIÓN, ETC.
Lugar de publicación, distribución, etc. Madrid :
Nombre del editor, distribuidor, etc. S.O.L.,
Fecha de publicación, distribución, etc. 1966.
300 ## - DESCRIPCIÓN FÍSICA
Extensión 108 p., 1 lám. ;
Dimensiones 21 cm.
700 1# - ENTRADA AGREGADA--NOMBRE PERSONAL
Nombre de persona Castilla, Alfonso de.
9 (RLIN) 36642
700 1# - ENTRADA AGREGADA--NOMBRE PERSONAL
Nombre de persona Elorriaga, Gabriel.
9 (RLIN) 47081
852 ## - LOCALIZACIÓN
Ubicación ES-MaACL
Número de control de estantería C-29371
Sublocalización o colección R.59716
852 ## - LOCALIZACIÓN
Ubicación ES-MaACL
Número de control de estantería C-30485
Holdings
Estatus retirado Estado de pérdida Estado de daño No para préstamo Biblioteca de origen Biblioteca actual Ubicación en estantería Fecha de adquisición Fuente de adquisición Total de préstamos Signatura topográfica completa Código de barras Visto por última vez Precio de reemplazo Tipo de ítem Koha
        Biblioteca del Ateneo de Madrid Biblioteca del Ateneo de Madrid Depósito 2 09/01/2019     C-30485 1199596 23/02/2023 23/02/2023 Libro impreso
        Biblioteca del Ateneo de Madrid Biblioteca del Ateneo de Madrid Depósito 2 17/01/2008     C-29371 1025829 23/02/2023 23/02/2023 Libro impreso